| 000 | 00863nam a2200265Ia 4500 | ||
|---|---|---|---|
| 003 | OSt | ||
| 005 | 20220923220510.0 | ||
| 006 | a|||||r|||| 00| 0 | ||
| 007 | ta | ||
| 008 | 220922b |||||||| |||| 00| 0 hin d | ||
| 024 | _a187,000 | ||
| 037 | _cTextual | ||
| 040 |
_aARTS _cARTS _bhin |
||
| 041 |
_2hin _ahin |
||
| 082 | _aX8(A).2, 152L6 | ||
| 100 | _aशिरोकोव, ग0 क0 | ||
| 245 | 0 | _aभारत का औद्योगीकरण | |
| 246 | _aBhārat kā audyogīkaraṇa | ||
| 260 |
_aमास्को _b प्रगति प्रकाशन _c1976 |
||
| 300 |
_a375 पृ. _ccm. |
||
| 650 | _a भारतीय अर्थव्यवस्था | ||
| 650 | _aअर्थशास्त्र | ||
| 942 |
_hX8(A).2, 152L6 _cTEXL _2CC |
||
| 999 |
_c340243 _d340243 |
||